Deutsche Musiker nach Buchstabe - I - Statistiken

Allgemein
  • Dieses Quiz wurde 154 mal gespielt
  • Das Durchschnittsergebnis liegt bei 3 aus 20
Antwortstatistiken
Aktive Jahre Songs Antwort % Korrekt
2003- Vom selben Stern | So soll es bleiben Ich + Ich
84%
2017- Saufen – morgens, mittags, abends | Leichtigkeit Ingo ohne Flamingo
40%
1967- Michaela | Schwarze Madonna Illic, Bata
31%
1980-1983 Blaue Augen | Eiszeit Ideal
27%
1976- Neue Männer braucht das Land | Mit Leidenschaft Ina Deter Band
19%
1982- Der Knutschfleck | Detlev Ixi
17%
2005- Stamp On The Ground | Summer Air Italobrothers
15%
1995- Sternhagelvoll | Frei zu sein In Extremo
9%
2000-2017 Fäuste hoch | Rebelles Irie Révoltés
9%
2010- Rio-Reiser-Platz | Späti del Sol Il Civetto
4%
2012- Alles grau | Serotonin Isolation Berlin
4%
1988- Dosenbier | A7 Illegal 2001
3%
2013-2014 Wadadadang | Getti Inglebirds
3%
1990-2002, 2016- Forever Young | Living Without Your Love Interactive
2%
1993-1997, 2015- Piece Of My Heart | Six Days Intermission
2%
1996- Heavy Metal Never Dies | Souleater Iron Savior
2%
2001- Roter Mond | Tarantella Irrlichter, die
2%
2004- Spiel des Lebens | Wächter der Nacht Ignis Fatuu
1%
1969-1973 Leere Hände | Menschen wie Sand am Meer Ihre Kinder
1%
2012- The Gambler | Stay Impala Ray
0%
Keine übereinstimmenden Quizze gefunden
Verteilung der Resultate
Anzahl Personen mit jedem Resultat
Perzentil nach korrekt beantworteten Fragen
Ihre Resultats-Entwicklung
Sie haben dieses Quiz noch nicht gespielt